000 00269nam a22001217a 4500
008 170911b xxu||||| |||| 00| 0 eng d
041 _aeng
080 _a91
100 _a42
101 _aGJEO
245 _aMECHANISM OF IGNEOUS INTRUSION
_cNEWALL, G
942 _2udc
_cBK
999 _c26936
_d26936